[Event "GER-ch U14"]
[Site "Magdeburg"]
[Date "2014.06.13"]
[Round "8"]
[White "Bureik, Nicolas"]
[Black "Amler, Nick"]
[Result "0-1"]
[WhiteElo "1434"]
[BlackElo "1414"]
[PlyCount "168"]
[EventDate "2014.06.08"]
[EventType "swiss"]
[EventRounds "9"]
[EventCountry "GER"]
[SourceTitle "CBM 160 Extra"]
[Source "ChessBase"]
[SourceDate "2014.07.01"]
[SourceVersion "1"]
[SourceVersionDate "2014.07.01"]
[SourceQuality "1"]

1. d4 d5 2. c4 e6 3. Nc3 Nf6 4. cxd5 exd5 5. Bg5 Nbd7 6. e3 c6 7. Bd3 Qa5 8. Qc2 Bb4 9. Nge2 0-0 10. 0-0 h6 11. Bh4 Qc7 12. Kh1 Ng4 13. Bg3 Bd6 14. Nxd5 Qb8 15. Ne7+ Kh8 16. Nf5 Bxg3 17. Nfxg3 Ngf6 18. Rac1 Nb6 19. Qd2 Be6 20. b3 Re8 21. Rc2 Qd6 22. Qc3 Nbd5 23. Qc5 Qxc5 24. Rxc5 Nb4 25. Bb1 Bg4 26. a3 Nbd5 27. Bf5 Bxf5 28. Nxf5 Ne4 29. Rc2 a5 30. Nfg3 Nd6 31. Nc3 Nxc3 32. Rxc3 Nb5 33. Rc5 Nxa3 34. Ra1 Nb5 35. d5 Rec8 36. Kg1 g6 37. Kf1 Kg7 38. Ke2 Kf6 39. Kd3 Ke7 40. Ra4 f5 41. dxc6 bxc6 42. Ne2 Kd6 43. Kc4 Re8 44. Nd4 Nxd4 45. exd4 Re2 46. Rcxa5 Rxa5 47. Rxa5 Rc2+ 48. Kd3 Rxf2 49. d5 Rxg2 50. dxc6 Kxc6 51. b4 Kb6 52. Re5 Kb7 53. Re7+ Kc6 54. Re5 Kc7 55. b5 Rxh2 56. Re6 g5 57. b6+ Kb7 58. Kc4 Rc2+ 59. Kb5 h5 60. Re7+ Kb8 61. b7 Rc7 62. Re5 Rxb7+ 63. Kc6 Rb3 64. Rxf5 Rg3 65. Kb6 Kc8 66. Kc6 Kd8 67. Kd6 Ke8 68. Ke6 h4 69. Kf6 h3 70. Re5+ Kd7 71. Re1 g4 72. Kf5 Rg2 73. Kf4 Kd6 74. Rd1+ Kc5 75. Rc1+ Kd4 76. Rd1+ Kc3 77. Rc1+ Kd2 78. Rf1 Ke2 79. Ra1 Kf2 80. Ra2+ Kg1 81. Ra1+ Kh2 82. Rf1 Rb2 83. Rc1 g3 84. Kf3 g2 0-1

[Event "GER-ch U14"]
[Site "Magdeburg"]
[Date "2014.06.11"]
[Round "6"]
[White "Jurga, Jonas Vincent"]
[Black "Bureik, Nicolas"]
[Result "1-0"]
[WhiteElo "1706"]
[BlackElo "1434"]
[PlyCount "47"]
[EventDate "2014.06.08"]
[EventType "swiss"]
[EventRounds "9"]
[EventCountry "GER"]
[SourceTitle "CBM 160 Extra"]
[Source "ChessBase"]
[SourceDate "2014.07.01"]
[SourceVersion "1"]
[SourceVersionDate "2014.07.01"]
[SourceQuality "1"]

1. e4 d5 2. exd5 Qxd5 3. Nc3 Qd6 4. g3 Nf6 5. Bg2 c6 6. Nf3 Bg4 7. 0-0 g6 8. h3 Bf5 9. d4 Bg7 10. Ne2 0-0 11. Bf4 Qd7 12. Ne5 Qc8 13. Kh2 Nd5 14. Bd2 Nd7 15. Nc4 Qc7 16. Ne3 Be6 17. Rc1 Qb6 18. c4 Nxe3 19. fxe3 Qxb2 20. Bc3 Qxa2 21. d5 cxd5 22. cxd5 Bxd5 23. Bxd5 Rac8 24. Bxa2 1-0

[Event "GER-ch U14"]
[Site "Magdeburg"]
[Date "2014.06.08"]
[Round "1"]
[White "Raetzke von Stoyentin, Steffen"]
[Black "Bureik, Nicolas"]
[Result "1-0"]
[WhiteElo "1924"]
[BlackElo "1434"]
[PlyCount "41"]
[EventDate "2014.06.08"]
[EventType "swiss"]
[EventRounds "9"]
[EventCountry "GER"]
[SourceTitle "CBM 160 Extra"]
[Source "ChessBase"]
[SourceDate "2014.07.01"]
[SourceVersion "1"]
[SourceVersionDate "2014.07.01"]
[SourceQuality "1"]

1. d4 Nf6 2. c4 g6 3. Nc3 Bg7 4. e4 d6 5. Be2 0-0 6. Nf3 Nbd7 7. 0-0 c5 8. d5 Ne8 9. Bf4 a6 10. a4 Nb8 11. e5 Nd7 12. e6 fxe6 13. Ng5 Nb8 14. Bg4 Nc7 15. Bd2 exd5 16. Nxd5 Bxb2 17. Bxc8 Bxa1 18. Qxa1 Ra7 19. Ba5 Nc6 20. Ne6 Qxc8 21. Qg7# 1-0

[Event "Saarland-ch B 89th"]
[Site "Stennweiler"]
[Date "2014.04.16"]
[Round "6"]
[White "Bureik, Nicolas"]
[Black "Heim, Daniel"]
[Result "1-0"]
[WhiteElo "1497"]
[BlackElo "1391"]
[PlyCount "131"]
[EventDate "2014.04.11"]
[EventType "swiss"]
[EventRounds "9"]
[EventCountry "GER"]
[SourceTitle "EXT 2016"]
[Source "ChessBase"]
[SourceDate "2015.10.08"]
[SourceVersion "1"]
[SourceVersionDate "2015.10.08"]
[SourceQuality "1"]

1. d4 d5 2. c4 e6 3. Nc3 Nf6 4. cxd5 Nxd5 5. e4 Nb6 6. Nf3 Be7 7. Be3 c6 8. Bd3 0-0 9. 0-0 N8d7 10. Qc2 Kh8 11. Nd2 e5 12. Nf3 exd4 13. Nxd4 Ne5 14. Be2 Nec4 15. Qc1 Bf6 16. Rd1 Nxe3 17. Qxe3 Qe7 18. Rac1 Bd7 19. Qf3 Qb4 20. Nb3 Be6 21. Bd3 Bxb3 22. axb3 Qxb3 23. e5 Bg5 24. Qf5 g6 25. Qxg5 Qxb2 26. Qf6+ Kg8 27. e6 Qb4 28. Ne4 Nd5 29. exf7+ Rxf7 30. Rb1 Qf8 31. Qb2 b5 32. Rbc1 Nb4 33. Bb1 Rf5 34. Nd6 Rf4 35. g3 Qf6 36. Qb3+ Nd5 37. gxf4 Qxd6 38. Ba2 Qxf4 39. Rxc6 Qg4+ 40. Kf1 Kg7 41. Qxd5 Qh3+ 42. Qg2 Qxg2+ 43. Kxg2 a5 44. Rc5 b4 45. Rdd5 a4 46. Rb5 b3 47. Bb1 Rc8 48. Rdc5 Rxc5 49. Rxc5 a3 50. Ra5 a2 51. Bxa2 bxa2 52. Rxa2 Kf6 53. Ra5 h6 54. Kg3 g5 55. f4 Kg6 56. fxg5 hxg5 57. Kg4 Kf6 58. Rxg5 Ke6 59. h4 Kf6 60. h5 Ke6 61. h6 Kf6 62. h7 Kf7 63. h8Q Ke6 64. Qh6+ Kf7 65. Rg7+ Kf8 66. Qh8# 1-0

[Event "GER-chT Lands U20"]
[Site "Hannover"]
[Date "2013.10.06"]
[Round "7.6"]
[White "Bureik, Nicolas"]
[Black "Erofeev, Anastasia"]
[Result "1/2-1/2"]
[WhiteElo "1299"]
[BlackElo "1736"]
[PlyCount "116"]
[EventDate "2013.10.02"]
[EventType "team-swiss"]
[EventRounds "7"]
[EventCountry "GER"]
[SourceTitle "EXT 2014"]
[Source "ChessBase"]
[SourceDate "2013.11.20"]
[SourceVersion "1"]
[SourceVersionDate "2013.11.20"]
[SourceQuality "1"]
[WhiteTeam "Saarland"]
[BlackTeam "Bremen"]
[WhiteTeamCountry "SAA"]
[BlackTeamCountry "GER"]

1. d4 d5 2. Nf3 c6 3. g3 Bf5 4. Bg2 e6 5. 0-0 h6 6. Nbd2 Nf6 7. c4 Nbd7 8. c5 Be7 9. b4 0-0 10. a4 a6 11. Bb2 Ne4 12. Qb3 b6 13. Nxe4 Bxe4 14. Nd2 Bxg2 15. Kxg2 bxc5 16. bxc5 Rb8 17. Qa3 Bf6 18. Bc3 e5 19. e3 Qe7 20. Rfe1 e4 21. Rab1 h5 22. Ba5 Rfc8 23. Rxb8 Rxb8 24. Rb1 Qe8 25. Rb3 Bd8 26. Bxd8 Qxd8 27. Rxb8 Qxb8 28. Qb3 Kf8 29. Qxb8+ Nxb8 30. Nb3 Ke7 31. Na5 f6 32. Kf1 Ke6 33. Kg2 g6 34. Kf1 Kd7 35. Kg2 Kc7 36. h4 Nd7 37. Kh3 f5 38. Kg2 Nf6 39. Kg1 Nh7 40. Kh2 Nf8 41. Kg2 Ne6 42. Kh3 Nd8 43. Kg2 Kd7 44. Kh2 Ke6 45. Kg2 Kf6 46. Kh2 Kg7 47. Kg2 g5 48. Kh3 Kg6 49. Kh2 f4 50. gxf4 gxf4 51. exf4 Kf5 52. Kg3 Ke6 53. Kg2 Kd7 54. f5 Ke7 55. Kg3 Kf7 56. f6 Kxf6 57. Kf4 Ne6+ 58. Ke3 Nd8 1/2-1/2

[Event "GER-ch U12"]
[Site "Oberhof"]
[Date "2013.05.20"]
[Round "4"]
[White "Nguyen, Ha Thanh"]
[Black "Bureik, Nicolas"]
[Result "1/2-1/2"]
[WhiteElo "1570"]
[BlackElo "1183"]
[PlyCount "55"]
[EventDate "2013.05.19"]
[EventType "swiss"]
[EventRounds "11"]
[EventCountry "GER"]
[SourceTitle "CBM 154 Extra"]
[Source "ChessBase"]
[SourceDate "2013.06.25"]
[SourceVersion "2"]
[SourceVersionDate "2013.06.25"]
[SourceQuality "1"]

1. d4 Nf6 2. e3 g6 3. Bd3 Bg7 4. f4 d5 5. Nf3 Nbd7 6. 0-0 c5 7. c3 c4 8. Bc2 Ne4 9. Bxe4 dxe4 10. Ne5 Nxe5 11. fxe5 0-0 12. Nd2 Qd5 13. b3 cxb3 14. axb3 f6 15. c4 Qe6 16. exf6 exf6 17. Ba3 Rf7 18. Qc2 f5 19. Bb2 Rc7 20. Qd1 Qb6 21. Qe1 Be6 22. Qf2 a6 23. Qf4 Rd7 24. Bc3 Qd6 25. Qf2 Qe7 26. Ra4 Rb8 27. Bb4 Qd8 28. Bc3 1/2-1/2

[Event "GER-ch U10"]
[Site "Oberhof"]
[Date "2011.06.14"]
[Round "6"]
[White "Pantsernaya, Sofya"]
[Black "Bureik, Nicolas"]
[Result "1-0"]
[WhiteElo "769"]
[BlackElo "861"]
[PlyCount "103"]
[EventDate "2011.06.11"]
[EventType "swiss"]
[EventRounds "11"]
[EventCountry "GER"]
[SourceTitle "CBM 142 Extra"]
[Source "ChessBase"]
[SourceDate "2011.06.27"]
[SourceVersion "1"]
[SourceVersionDate "2011.06.27"]
[SourceQuality "1"]

1. e4 c5 2. Nf3 d6 3. Bc4 Nf6 4. e5 dxe5 5. Nxe5 e6 6. 0-0 g6 7. d3 Bg7 8. Bg5 0-0 9. Nc3 Bd7 10. Ne4 b6 11. Qf3 Bc6 12. Nxc6 Nxc6 13. Nxf6+ Kh8 14. Bh4 Qd4 15. Bg5 h6 16. Qh3 h5 17. Ne4 f6 18. Qe3 fxg5 19. Qxd4 Nxd4 20. Nxg5 Nxc2 21. Nxe6 Nxa1 22. Nxf8 Rxf8 23. Rxa1 Bxb2 24. Re1 Bd4 25. Rf1 g5 26. Kh1 h4 27. g4 Rxf2 28. Rxf2 Bxf2 29. Kg2 Bd4 30. Kf3 Bf6 31. Ke4 Kg7 32. Kf5 Kf8 33. Kxf6 Ke8 34. Kxg5 Kd7 35. Kxh4 Kc6 36. g5 b5 37. g6 bxc4 38. dxc4 Kb6 39. g7 Ka5 40. g8Q Ka4 41. Qa8 a5 42. Qa7 Kb4 43. Kg4 Kxc4 44. Qxa5 Kd4 45. Qa4+ c4 46. Qd1+ Kc3 47. Qc1+ Kd3 48. a4 c3 49. a5 c2 50. a6 Ke2 51. Qxc2+ Kf1 52. h4 1-0

[Event "GER-ch U10"]
[Site "Oberhof"]
[Date "2011.06.12"]
[Round "1"]
[White "Niemann, Alexander"]
[Black "Bureik, Nicolas"]
[Result "0-1"]
[WhiteElo "1311"]
[BlackElo "861"]
[PlyCount "28"]
[EventDate "2011.06.11"]
[EventType "swiss"]
[EventRounds "11"]
[EventCountry "GER"]
[SourceTitle "CBM 142 Extra"]
[Source "ChessBase"]
[SourceDate "2011.06.27"]
[SourceVersion "1"]
[SourceVersionDate "2011.06.27"]
[SourceQuality "1"]

1. e4 d5 2. exd5 Qxd5 3. Nc3 Qd6 4. d4 Nf6 5. Nf3 a6 6. Be2 Nbd7 7. 0-0 b5 8. a3 Bb7 9. Be3 0-0-0 10. a4 b4 11. Na2 Qc6 12. Nxb4 Qd6 13. c3 Ng4 14. Ng5 Qxh2# 0-1